《三体》全人物 - Statistics

General Stats
  • This quiz has been taken 135 times
  • The average score is 21 of 110
Answer Stats
名字 身份 % Correct
罗辑 清华大学社会学教授,面壁者,第一任执剑人
91%
程心 第二任执剑人,星环集团总裁
82%
史强 警察,Police
82%
叶文洁 清华大学物理系教授,ETO统帅
79%
汪淼 中科院院士,应用物理学家
77%
云天明 阶梯计划(被)执行者,三体社会文学家
76%
艾AA 程心的好友,星环集团CEO
75%
章北海 中国太空军军人,“自然选择”号执行舰长,星舰地球创始人
69%
托马斯·维德 PIA局长
62%
丁仪 理论物理学家,杨冬的未婚夫
60%
杨冬 理论物理学家,叶文洁的女儿,丁仪的未婚妻
56%
曼努尔·雷迪亚兹 前委内瑞拉总统,面壁者
52%
弗里德里克·泰勒 前美国国防部长,面壁者
50%
庄颜 罗辑的妻子
48%
比尔·希恩斯 前欧盟主席,面壁者
47%
常伟思 中国人民解放军太空军司令员
44%
麦克·伊文斯 ETO降临派领袖
44%
叶哲泰 叶文洁的父亲
44%
东方延绪 “自然选择”号舰长
42%
申玉菲 物理学家,ETO拯救派成员
38%
关一帆 “万有引力”号随舰学者
36%
山杉惠子 脑科学家,希恩斯的妻子,破壁人3号
36%
杨卫宁 红岸基地总工程师,叶文洁的丈夫
33%
雷志成 红岸基地政委
30%
潘寒 生物学家,ETO降临派成员
27%
褚岩 “蓝色空间”号舰长
26%
魏成 申玉菲的丈夫
25%
白沐霖 内蒙古建设兵团《大生产报》的记者
24%
白Ice 物理学家,丁仪的学生
24%
萨伊 联合国秘书长
21%
张援朝 退休化工厂工人
21%
吴岳 前中国太空军军人
20%
叶文雪 叶文洁的妹妹
18%
史晓明 史强的儿子
16%
曹彬 第二任执剑人候选人
15%
绍琳 叶文洁的母亲
15%
高Way 黑洞项目首席科学家
15%
沙瑞山 射电天文学博士,叶文洁的学生
14%
程丽华 中级法院军管会的军代表
13%
坎特 面壁者和PDC之间的联络人
13%
苗福全 煤老板
13%
米哈伊尔·瓦季姆 PIA技术规划中心主任
13%
本·乔纳森 太阳系舰队联席会议特派员
12%
毕云峰 第二任执剑人候选人,环日加速器总设计师
12%
西子 亚洲舰队少校
11%
林云 解放军少校,《球状闪电》女主角
10%
尼尔·斯科特 “青铜时代”号舰长
10%
斯科特 “企业”号心理学家
10%
杨晋文 退休教师
10%
艾伯特·林格 天文学家,哈勃二号空间望远镜研发者
9%
白蓉 罗辑的前女友
9%
胡文 云天明的大学同学
9%
伽尔宁 PDC轮值主席
9%
乔治·斐兹罗 地球防御理事会高级协调员,美国军方代表
9%
詹姆斯·亨特 “万有引力”号餐饮控制员,“反执剑人”
9%
豆豆 汪淼的儿子
8%
君士坦丁十一世 东罗马帝国末代君主
8%
列文 “自然选择”号第一副舰长
8%
井上明 “自然选择”号第二副舰长
7%
卡尔·乔伊娜 “量子”号通信军官
7%
朴义君 “蓝色空间”号陆战队指挥官
7%
徐冰冰 警察
7%
狄奥伦娜 东罗马帝国的妓女,“魔法师”
6%
李维 “万年昆鹏”号电磁武器系统中级控制员
6%
斯坦顿 美国海军陆战队上校
6%
于维民 PIA副局长
6%
张翔 罗辑庇护所安保负责人
6%
张延 张援朝的孙子
6%
赵鑫 “北方”号战舰目标甄别助理
6%
弗雷斯 澳大利亚土著
5%
蓝西 “自然选择”号心理学家
5%
李瑶 汪淼的妻子
5%
熊文 冬眠者
5%
约瑟夫·莫沃维奇 “万有引力”号舰长
5%
艾伦 洛斯阿拉莫斯国家实验室主任
4%
阿历克赛·瓦西里 太阳系预警系统一号观测单元预警观测员
4%
鲍里斯·洛文斯基 “青铜时代”号副舰长
4%
大凤 齐家屯村民
4%
戴文 “万有引力”号随舰宪兵指挥官
4%
法扎兰 东罗马帝国大臣
4%
柯曼琳 欧洲航天局高级顾问
4%
林格-斐兹罗望远镜负责人
4%
赛巴斯蒂安·史耐德 “青铜时代”号武器系统目标甄别和攻击模式控制军官
4%
唐红静 红卫兵
4%
威廉·科兹莫 天体物理学家
4%
韦斯特 “万有引力”号心理学家
4%
伊万 “万有引力”号维护工程师
4%
伊万·安东诺夫 第二任执剑人候选人
4%
艾克 “万有引力”号中尉
3%
巴勒莫 IDC语言学家
3%
杰森 默斯肯岛上的老人
3%
井上宏一 日本防卫厅长官
3%
拉菲尔 以色列人,ETO成员
3%
雷德尔 NMD目标甄别员
3%
刘晓明 “万有引力”号中士
3%
罗宾逊 林格-斐兹罗望远镜负责人
3%
马钢 内蒙古生产建设兵团的油锯手
3%
穆罕默德二世 奥斯曼帝国苏丹
3%
乔依娜 阶梯计划候选人
3%
琼斯 NMD轨道监测员
3%
秋原玲子 “蓝色空间”号导航员
3%
威尔逊 太空军文职人员
3%
薇拉 “万有引力”号AI系统维护工程师
3%
卓文 “蓝色空间”号科学军官
3%
A·J·霍普金斯 第二任执剑人候选人
3%
布莱尔 太阳系联邦总统特使
2%
郭正明 北京市(地下)公安局数字现实处警察
2%
哈里斯 哈勃二号空间望远镜工作人员
2%
张卫明 张援朝的儿子
2%
威纳尔 太阳系预警系统一号观测单元天文学家
1%
No matching quizzes found
Score Distribution
Percent of People with Each Score
Percentile by Number Answered
Your Score History
You have not taken this quiz